[Event "Gibraltar Masters 2019"]
[Site "Caleta ENG"]
[Date "2019.01.29"]
[Round "8.31"]
[White "Sadhwani,Raunak"]
[Black "Yuffa,D"]
[Result "1-0"]
[WhiteElo "2451"]
[BlackElo "2578"]

1.e4 c6 2.d4 d5 3.e5 Bf5 4.Nf3 e6 5.c3 Ne7 6.Be2 Bg6 7.Nh4 Nf5 8.Nxg6 hxg6
9.Nd2 c5 10.Nf3 Nc6 11.O-O Qb6 12.dxc5 Bxc5 13.Bd3 Nh4 14.Nxh4 Rxh4 15.b4 Be7
16.Be3 Qc7 17.g3 Rh8 18.Bb5 Qxe5 19.Qa4 Qc7 20.c4 d4 21.Bxd4 Kf8 22.Bxc6 Qxc6
23.Qxc6 bxc6 24.Rab1 Rh5 25.Be3 Rb8 26.a3 Rb7 27.Rb3 Ke8 28.Rfb1 Re5 29.Kg2 g5
30.h3 a5 31.Bd2 Re2 32.Bc3 a4 33.R3b2 Re4 34.c5 Rc4 35.Rc1 Bxc5 36.Rbc2 Be7
37.Bb2 Rxc2 38.Rxc2 Rc7 39.Bd4 Rd7 40.Bb2 Rd6 41.Be5 Rd3 42.Rxc6 Rxa3 43.b5 Rb3
44.b6 f6 45.Bd4 e5 46.Be3 a3 47.Rc8+ Kd7 48.Rc7+ Ke6 49.Ra7 f5 50.Bc1 f4
51.b7 f3+ 52.Kh2 Bc5 53.Ra5  1-0

[Event "Gibraltar Masters 2019"]
[Site "Caleta ENG"]
[Date "2019.01.29"]
[Round "8.30"]
[White "Khademalsharieh,S"]
[Black "Santos Latasa,J"]
[Result "0-1"]
[WhiteElo "2468"]
[BlackElo "2581"]

1.Nf3 Nf6 2.c4 g6 3.d4 Bg7 4.g3 O-O 5.Bg2 d5 6.O-O c5 7.dxc5 Na6 8.Nc3 dxc4
9.Ne5 Nxc5 10.Nxc4 Be6 11.Be3 Qc8 12.Ne5 Rd8 13.Qc1 Ncd7 14.Nd3 Bc4 15.Nf4 e6
16.h3 Ne5 17.Na4 Nd5 18.Nxd5 exd5 19.Qc2 b5 20.b3 bxa4 21.bxc4 Nxc4 22.Bg5 Bxa1
23.Bxd8 Qxd8 24.Rxa1 Nb6 25.Rd1 Rc8 26.Qb2 Qd6 27.Bxd5 Nxd5 28.e4 Qb6  0-1

[Event "Gibraltar Masters 2019"]
[Site "Caleta ENG"]
[Date "2019.01.29"]
[Round "8.29"]
[White "Cornette,M"]
[Black "Abel,D"]
[Result "0-1"]
[WhiteElo "2587"]
[BlackElo "2458"]

1.e4 c6 2.Nc3 d5 3.Nf3 Bg4 4.h3 Bxf3 5.Qxf3 e6 6.Be2 g6 7.d4 Bg7 8.e5 f6
9.Bf4 fxe5 10.dxe5 Nd7 11.O-O-O Nxe5 12.Qe3 Qf6 13.g4 Nf7 14.g5 Qe7 15.Bg3 Qxg5
16.f4 Qe7 17.Qf3 Ngh6 18.h4 Nf5 19.h5 Nxg3 20.Qxg3 Qf6 21.Bg4 O-O-O 22.Rde1 Rde8
23.Na4 Nh6 24.Bh3 Nf5 25.Qa3 Qd4 26.Kb1 Bf8 27.Qb3 Bd6 28.Rhf1 Kc7  0-1

[Event "Gibraltar Masters 2019"]
[Site "Caleta ENG"]
[Date "2019.01.29"]
[Round "8.28"]
[White "Antipov,M2"]
[Black "Krishna,CRG"]
[Result "1-0"]
[WhiteElo "2589"]
[BlackElo "2469"]

1.Nf3 d5 2.g3 c6 3.Bg2 Bg4 4.d3 Nd7 5.h3 Bxf3 6.Bxf3 e5 7.Bg2 Ngf6 8.O-O Be7
9.e4 dxe4 10.dxe4 O-O 11.Qe2 Bc5 12.Kh2 Qe7 13.Nd2 Rfe8 14.Nc4 Nf8 15.a4 Ne6
16.c3 Qc7 17.Nd2 a5 18.Nb3 Ba7 19.Bf3 Rab8 20.Kg2 h6 21.h4 Red8 22.Qc2 Rd7
23.Be2 Re8 24.Bc4 b6 25.Qe2 Bb8 26.Qf3 Qd8 27.Be3 Bc7 28.Rfd1 Qe7 29.Rxd7 Nxd7
30.Rd1 Rd8 31.Rd2 Ndf8 32.Qg4 Kh8 33.Rxd8 Qxd8 34.Nd2 Qd7 35.Kf1 Qe7 36.h5 Qd7
37.Qf5 Kg8 38.Kg2 Nd8 39.Qf3 Nh7 40.Bb3 Nf6 41.Nc4 b5 42.Nb6 Bxb6 43.Bxb6 bxa4
44.Bxa4 Ne6 45.Be3 Qd6 46.Qf5 Nd7 47.Bb3 Nd8 48.Bc4 Qe7 49.Qg4 Kh8 50.Qd1 Nf6
51.Qa4 Qc7 52.Qb3 Nxe4 53.Qb6 Qd6 54.Qxa5 Ne6 55.Qa8+ Kh7 56.Qe8 N4g5 57.Bxg5 Nxg5
58.Bxf7 Nxf7 59.Qxf7 c5 60.b4 cxb4 61.Qg6+ Qxg6 62.hxg6+ Kxg6 63.cxb4 Kf6
64.Kf3 Ke6 65.Ke4 h5 66.b5 g5 67.b6 Kd6 68.b7 Kc7 69.Kxe5 Kxb7 70.Kf5 h4
71.gxh4 gxh4 72.Kg4 Kc6 73.Kxh4 Kd5 74.Kg5  1-0

[Event "Gibraltar Masters 2019"]
[Site "Caleta ENG"]
[Date "2019.01.29"]
[Round "8.27"]
[White "Harsha,B"]
[Black "Vaibhav,S"]
[Result "0-1"]
[WhiteElo "2481"]
[BlackElo "2590"]

1.c4 Nf6 2.Nc3 e5 3.g3 Bb4 4.Bg2 O-O 5.e4 Bxc3 6.dxc3 Na6 7.Qe2 Nc5 8.b4 Na4
9.Qc2 Nb6 10.c5 Nc4 11.Qd3 b5 12.a4 Ba6 13.Nf3 d6 14.cxd6 cxd6 15.Nd2 Rc8
16.Nxc4 Rxc4 17.O-O bxa4 18.Rxa4 Bb5 19.Ra5 a6 20.Qe3 d5 21.exd5 Nxd5 22.Qxe5 Nxc3
23.Re1 Ne2+ 24.Qxe2 Rxc1 25.Qe3 Rxe1+ 26.Qxe1 Re8 27.Qb1 Qd2 28.Ra1 Re2 29.Qc1 Qd4
30.Qc8+ Re8 31.Qc1 Qxb4 32.Bf1 Bxf1 33.Kxf1 Qb5+ 34.Kg1 a5 35.Qa3 a4 36.Qxa4 Re1+
37.Kg2 Qf1+ 38.Kf3 Qh1+ 39.Kf4 g5+ 40.Kg4 h5+ 41.Kxh5 Qf3+ 42.g4 Qxf2  0-1

[Event "Gibraltar Masters 2019"]
[Site "Caleta ENG"]
[Date "2019.01.29"]
[Round "8.26"]
[White "Papp,Ga"]
[Black "Arizmendi Martinez,J"]
[Result "1/2-1/2"]
[WhiteElo "2603"]
[BlackElo "2506"]

1.e4 c6 2.Nc3 d5 3.Nf3 dxe4 4.Nxe4 Nd7 5.Bc4 Ngf6 6.Nxf6+ Nxf6 7.Ne5 e6 8.O-O Be7
9.d4 O-O 10.c3 c5 11.dxc5 Bxc5 12.Qf3 Qc7 13.Bf4 Bd6 14.Rfe1 b6 15.Rad1 Bb7
16.Qh3 Bd5 17.Bd3 g6 18.c4 Nh5 19.Bh6 Bxg2 20.Qxg2 Bxe5 21.Bxf8 Rxf8 22.f3 Nf4
23.Qc2 Rd8 24.Bf1 Bd4+ 25.Kh1 a5 26.a3 Qe7 27.Qe4 Qf6 28.Rd2 e5 29.Red1 a4
30.Bg2 Kg7 31.Qc2 Qg5 32.Qxa4 Be3 33.Qc2 Bxd2 34.Rxd2 Rd4 35.Bf1 Nh3 36.Rg2 Qe3
37.Qe2 Qxe2 38.Rxe2 Rd1 39.Rxe5 Rxf1+ 40.Kg2 Rf2+ 41.Kxh3 Rxb2  1/2-1/2

[Event "Gibraltar Masters 2019"]
[Site "Caleta ENG"]
[Date "2019.01.29"]
[Round "8.25"]
[White "Lemos,D"]
[Black "Jumabayev,R"]
[Result "1/2-1/2"]
[WhiteElo "2474"]
[BlackElo "2604"]

1.d4 Nf6 2.Nf3 g6 3.Bg5 Bg7 4.c3 c5 5.e3 O-O 6.Nbd2 d5 7.Bd3 Qb6 8.Rb1 Nc6
9.O-O Re8 10.b4 cxb4 11.cxb4 a5 12.bxa5 Qxa5 13.Nb3 Qa7 14.a4 b6 15.Bb5 Bd7
16.Bxf6 Bxf6 17.Qe2 Rec8 18.Rfc1 e6 19.Ne1 Ne7 20.Nd2 Rxc1 21.Rxc1 Nf5 22.Rb1 Bd8
23.Nd3 Bxb5 24.axb5 Nd6 25.g3 Rc8 26.e4 Rc2 27.Nb4 Rxd2 28.Qxd2 Nxe4 29.Qc2 Bf6
30.Nc6 Qa3 31.Rb3 Qa4 32.Rb2 Qa1+ 33.Rb1  1/2-1/2

[Event "Gibraltar Masters 2019"]
[Site "Caleta ENG"]
[Date "2019.01.29"]
[Round "8.24"]
[White "Donchenko,Alexa"]
[Black "Dragnev,Valentin"]
[Result "1/2-1/2"]
[WhiteElo "2604"]
[BlackElo "2511"]

1.c4 e6 2.g3 d5 3.Bg2 Nf6 4.Nf3 dxc4 5.Qa4+ Bd7 6.Qxc4 c5 7.Ne5 Qc8 8.Qd3 Nc6
9.Nxd7 Nxd7 10.b3 Be7 11.Bb2 O-O 12.O-O Rd8 13.Qc2 Nf6 14.d3 Qd7 15.Nd2 Rac8
16.Nf3 b6 17.Qd2 Ne8 18.Rac1 Bf6 19.Rfd1 Qe7 20.a3 h6 21.e3 Bxb2 22.Qxb2 Nf6
23.Qb1 Qd6 24.Qa1 Qe7 25.Qb1 Qd6 26.Qa1 Qe7 27.Ne5 Nxe5 28.Qxe5 a5 29.Qc3 Qd7
30.Qb2 Qd6 31.d4 Qe7 32.a4 Rc7 33.dxc5 Rxc5 34.Rxd8+ Qxd8 35.Rb1 Qd6 36.Bf3 Qc7
37.Kg2 Nd7 38.b4  1/2-1/2

[Event "Gibraltar Masters 2019"]
[Site "Caleta ENG"]
[Date "2019.01.29"]
[Round "8.23"]
[White "Sosa,T ARG"]
[Black "Moussard,J"]
[Result "0-1"]
[WhiteElo "2499"]
[BlackElo "2605"]

1.e4 c5 2.Nf3 d6 3.d4 cxd4 4.Nxd4 Nf6 5.Nc3 a6 6.Bg5 Nbd7 7.Qf3 e6 8.O-O-O Be7
9.Be2 Qc7 10.Qg3 Nc5 11.Bf3 Bd7 12.Rhe1 Rc8 13.e5 dxe5 14.Rxe5 Na4 15.Bf4 Qc4
16.Be2 Qb4 17.Nxa4 Bxa4 18.a3 Qb6 19.Bd3 O-O 20.Bh6 g6 21.Nxe6 fxe6 22.Bxg6 Kh8
23.Bd3 Rf7 24.Qh4 Bxc2 25.Bxc2 Rxc2+ 26.Kxc2 Qc7+ 27.Kb1 Qxe5 28.Bf4 Qf5+
29.Ka1 Nd5  0-1

[Event "Gibraltar Masters 2019"]
[Site "Caleta ENG"]
[Date "2019.01.29"]
[Round "8.22"]
[White "Tari,A"]
[Black "Sadzikowski,D"]
[Result "1-0"]
[WhiteElo "2625"]
[BlackElo "2534"]

1.e4 e6 2.d4 d5 3.Nc3 Nf6 4.e5 Nfd7 5.f4 c5 6.Nf3 Nc6 7.Be3 Be7 8.Qd2 a6
9.Nd1 b5 10.c3 b4 11.Bd3 a5 12.O-O Ba6 13.f5 exf5 14.Bxa6 Rxa6 15.Qd3 Ncb8
16.Qxf5 O-O 17.Bf2 cxd4 18.cxd4 Rc6 19.Ne3 Nb6 20.b3 Qc8 21.Qf4 f6 22.Nf5 Bd8
23.Nd6 Qd7 24.Bg3 Bc7 25.Rae1 Na6 26.Qd2 Bxd6 27.exd6 Nc8 28.Ne5 fxe5 29.Rxf8+ Kxf8
30.dxe5 Nc5 31.e6 Nxe6 32.Qxd5 Nxd6 33.Rxe6 Rc1+ 34.Be1 Qa7+ 35.Kh1 Nf7 36.h4 g5
37.Qe4 Qc5 38.Kh2 h6 39.h5 Kg7 40.Rg6+ Kf8 41.Re6 Kg7 42.Rg6+ Kf8 43.Rf6 g4
44.Qg6 g3+ 45.Bxg3 Qg1+ 46.Kh3 Qh1+ 47.Kg4 Qd1+ 48.Kh3 Qh1+ 49.Kg4 Qd1+ 50.Rf3 Qd7+
51.Qf5 Qxf5+ 52.Rxf5 Rc2 53.Rxa5 Rxg2 54.Kf3 Rg1 55.Bf4 Ng5+ 56.Ke3 Rh1 57.Bxg5 hxg5
58.Rxg5 Rh2 59.Kd4 Ke7 60.Kc5 Rxa2 61.Kxb4 Kd6 62.Kb5 Ra8 63.b4 Rb8+ 64.Kc4 Rc8+
65.Kd4 Rc1 66.Rg6+ Kc7 67.h6  1-0

[Event "Gibraltar Masters 2019"]
[Site "Caleta ENG"]
[Date "2019.01.29"]
[Round "8.21"]
[White "Edouard,R"]
[Black "Nguyen,Thai Dai Van"]
[Result "1-0"]
[WhiteElo "2643"]
[BlackElo "2535"]

1.Nf3 d5 2.d4 Nf6 3.c4 e6 4.Nc3 Bb4 5.cxd5 exd5 6.Bg5 h6 7.Bh4 O-O 8.e3 Bf5
9.Ne5 g5 10.Bg3 Ne4 11.Rc1 c5 12.Bd3 cxd4 13.exd4 f6 14.Nf3 Nc6 15.O-O Kg7
16.Qc2 Re8 17.Nd1 Be6 18.Ne3 f5 19.Be5+ Nxe5 20.Nxe5 Qb6 21.Bxe4 fxe4 22.Qd1 Bd6
23.h4 Qd8 24.f4 gxf4 25.Qh5 Qf6 26.N3g4 Bxg4 27.Qxg4+ Kh8 28.Rxf4 Bxe5 29.Rxf6 Bxf6
30.Rc7 Bxd4+ 31.Kh1 Rf8 32.Qe6 Bg7 33.Re7 d4 34.Qxe4 Rad8 35.Qg6 Rg8 36.Qd3 Rde8
37.Qe4 Rd8 38.Qd3 Rde8 39.Rxe8 Rxe8 40.Kg1 Re3 41.Qf5 d3 42.Qc8+ Kh7 43.Qd7 Re1+
44.Kf2 Re2+ 45.Kf3 Rxb2 46.Qxd3+ Kh8 47.Qd8+ Kh7 48.Qd5 a6 49.g4 Rb5 50.Qd3+ Kg8
51.g5 hxg5 52.hxg5 Re5 53.g6 b5 54.Qd7 a5 55.Kf4  1-0

[Event "Gibraltar Masters 2019"]
[Site "Caleta ENG"]
[Date "2019.01.29"]
[Round "8.20"]
[White "Short,N"]
[Black "Puranik,A"]
[Result "0-1"]
[WhiteElo "2648"]
[BlackElo "2536"]

1.Nf3 Nf6 2.c4 g6 3.Nc3 c5 4.e4 d6 5.d4 cxd4 6.Nxd4 Bg7 7.Be2 Nc6 8.Be3 O-O
9.O-O Bd7 10.Nc2 Qa5 11.f4 Rfc8 12.Kh1 Be8 13.a3 Nd7 14.b4 Qd8 15.Qe1 Nb6
16.c5 dxc5 17.bxc5 Nd7 18.e5 Qa5 19.Rb1 a6 20.Bg4 h5 21.Bxd7 Bxd7 22.Rxb7 Bf5
23.Nb4 Qxa3 24.Nxc6 Rxc6 25.Nd5 Bf8 26.Nxe7+ Bxe7 27.Rxe7 Rd8 28.Qc1 Qb3
29.Re1 Kf8 30.Ra7 Qb8 31.Rd1 Rxd1+ 32.Qxd1 Qxa7 33.Qd8+ Kg7 34.Bd4 f6 35.exf6+ Kf7
36.Qd5+ Re6 37.Be5 g5 38.c6 Kg6 39.h3 Qf7 40.c7 Re8 41.Qf3 h4 42.Kg1 Qd7
43.g4 Bc2 44.f7 Kxf7 45.fxg5+ Ke6 46.Qf6+ Kd5 47.Bf4 Qe6 48.Qd8+ Kc6 49.Be5 Qd7
50.Qf6+ Kb7 51.Bd6 Qc6  0-1

[Event "Gibraltar Masters 2019"]
[Site "Caleta ENG"]
[Date "2019.01.29"]
[Round "8.19"]
[White "Vazquez Igarza,R"]
[Black "Melkumyan,H"]
[Result "0-1"]
[WhiteElo "2567"]
[BlackElo "2660"]

1.d4 Nf6 2.Nf3 g6 3.c3 Bg7 4.Bg5 O-O 5.Nbd2 d6 6.e4 c5 7.dxc5 dxc5 8.Bc4 Nc6
9.O-O Qc7 10.Re1 Nh5 11.a4 b6 12.Qc2 Bb7 13.Bf1 h6 14.Be3 Nf6 15.h3 Rfd8
16.Rac1 Nd7 17.Nc4 Nce5 18.Nfxe5 Nxe5 19.Rcd1 g5 20.f3 Bc6 21.Nxe5 Bxe5 22.Rxd8+ Rxd8
23.Rd1 Rd7 24.Rxd7 Qxd7 25.a5 e6 26.axb6 axb6 27.Qd3 Qc7 28.b4 Bd6 29.bxc5 Bxc5
30.Bxc5 bxc5 31.Qa6 Kg7 32.Kf2 h5 33.Bb5 Bb7 34.Qa7 h4 35.e5 Qc8 36.Qb6 Bd5
37.c4 Bb7 38.Qd6 Qa8 39.Qxc5 Qa2+ 40.Kg1 Qd2 41.Qf2 Qc1+ 42.Kh2 Qf4+ 43.Kg1 Qxe5
44.c5 Qc3 45.Kh2 Bd5 46.Kg1 Kf6 47.Kh2 Qb4 48.Bd3 Qf4+ 49.Kg1 Ke5 50.Bb5 Qb4
51.Qe3+ Kf6 52.Be2 Kg6 53.Bd3+ f5 54.Kf2 Kf6 55.Be2 e5 56.Qc1 Qd4+ 57.Kf1 Bc6
58.Qc4 Qa1+ 59.Kf2 Qa3 60.Bd3 Qb2+ 61.Kf1 e4 62.fxe4 fxe4 63.Be2 Ke5 64.Ke1 e3
65.Qd3 Qc1+ 66.Bd1 Qxc5 67.Qd8 Qb4+ 68.Kf1 Qf4+ 69.Bf3 Bxf3 70.Qe7+ Kd5 71.Qb7+ Kc5
72.gxf3 Qc4+ 73.Kg2 Qe2+ 74.Kh1 Qe1+  0-1

[Event "Gibraltar Masters 2019"]
[Site "Caleta ENG"]
[Date "2019.01.29"]
[Round "8.18"]
[White "Werle,J"]
[Black "Jones,G"]
[Result "0-1"]
[WhiteElo "2541"]
[BlackElo "2691"]

1.d4 Nf6 2.c4 g6 3.Nc3 Bg7 4.e4 d6 5.Nf3 O-O 6.Be2 e5 7.O-O Nc6 8.d5 Ne7
9.b4 a5 10.bxa5 Rxa5 11.a4 Nh5 12.Re1 f5 13.Ng5 Nf4 14.Bf1 h6 15.Nf3 g5 16.Nd2 c5
17.Nb5 Ra6 18.Ra3 Nfg6 19.exf5 Nxf5 20.Ne4 Nd4 21.g3 Bf5 22.Bg2 Rf7 23.Bd2 Bf8
24.Nxd4 exd4 25.f4 gxf4 26.gxf4 Nh4 27.Rg3+ Bg7 28.Bh3 Bxh3 29.Rxh3 Nf5 30.a5 Rxa5
31.Ng3 Ne3 32.Qb1 Rxf4 33.Qg6 Rf6 34.Qe4 Qd7 35.Nh5 Qxh3 36.Nxf6+ Bxf6 37.Qg6+ Bg7
38.Bxa5 Qg4+ 39.Qxg4 Nxg4 40.Re6 Ne3 41.Rxd6 Nxc4 42.Rd8+ Kf7 43.Be1 b6 44.Rd7+ Kg6
45.Re7 Bf6 46.Re6 Kf5 47.Rc6 Bg5 48.d6 Ke6 49.Bg3 d3  0-1

[Event "Gibraltar Masters 2019"]
[Site "Caleta ENG"]
[Date "2019.01.29"]
[Round "8.17"]
[White "Ramirez,Alej"]
[Black "Cheparinov,I"]
[Result "1/2-1/2"]
[WhiteElo "2567"]
[BlackElo "2691"]


1.Nf3 f5 2.d4 Nf6 3.Bf4 e6 4.h3 Be7 5.e3 b6 6.Nbd2 Bb7 7.Bd3 O-O 8.Qe2 Ne4
9.Rg1 d6 10.g4 Nd7 11.gxf5 exf5 12.O-O-O Kh8 13.h4 Ndf6 14.Ng5 Qd7 15.Bc4 d5
16.Bb5 c6 17.Bd3 c5 18.dxc5 Qa4 19.Kb1 Qb4 20.Bxe4 fxe4 21.Ne6 Rg8 22.Bd6 Bxd6
23.a3 Qa4 24.cxd6 Qd7 25.Ng5 Rgf8 26.Rg3 Rae8 27.Nb3 Qxd6 28.Rdg1 g6 29.Nd4 Nh5
30.R3g2 Re7 31.Nf5 Rxf5 32.Qxh5 Qf6 33.Qd1 d4 34.h5 h6 35.Ne6 g5 36.Nxd4 Rd5
37.Qe2 Rf7 38.Rd1 a6 39.Rd2 Qe5 40.Rg1 Rd6 41.Qg4 Rf8 42.Rgd1 Bc8 43.Qg2 Rdf6
44.Nb3 Be6 45.Rd8 Kg7 46.Rxf8 Rxf8 47.Rd4 Bf7 48.Nd2 Bxh5 49.Rxe4 Qf5 50.f4 Qg4
51.Re7+ Kf6 52.Qe4 Qd1+ 53.Ka2 Bf7+ 54.Rxf7+  1/2-1/2

[Event "Gibraltar Masters 2019"]
[Site "Caleta ENG"]
[Date "2019.01.29"]
[Round "8.15"]
[White "Indjic,A"]
[Black "Lalith,B"]
[Result "0-1"]
[WhiteElo "2630"]
[BlackElo "2547"]

1.d4 Nf6 2.c4 e6 3.Nf3 b6 4.a3 Bb7 5.Nc3 d5 6.cxd5 Nxd5 7.e3 Be7 8.Bb5+ c6
9.Bd3 O-O 10.Qc2 h6 11.O-O c5 12.e4 Nxc3 13.bxc3 Nd7 14.Qe2 Rc8 15.Bb2 Qc7
16.Nd2 Bg5 17.a4 Rfd8 18.Nc4 cxd4 19.cxd4 Ba6 20.Na3 Bxd3 21.Qxd3 Ne5 22.Qe2 Nc6
23.Rad1 Nb4 24.h4 Be7 25.Qg4 Bf8 26.f4 Nc2 27.Nb5 Qb7 28.d5 Ne3 29.Qg3 Nxf1
30.Rxf1 exd5 31.e5 d4 32.f5 Qe4 33.Kh2 Rc2 34.Bc1 a6 35.Nd6 Bxd6 36.exd6 Rc3
37.Qf2 Rxd6 38.Bf4 Rf6  0-1

[Event "Gibraltar Masters 2019"]
[Site "Caleta ENG"]
[Date "2019.01.29"]
[Round "8.13"]
[White "Eljanov,P"]
[Black "Chandra,Akshat"]
[Result "1/2-1/2"]
[WhiteElo "2680"]
[BlackElo "2492"]

1.e4 e5 2.Nf3 Nc6 3.Bb5 Nf6 4.d3 Bc5 5.Bxc6 dxc6 6.Qe2 Nd7 7.Nbd2 f6 8.Nc4 Nf8
9.Be3 Bxe3 10.fxe3 Bg4 11.h3 Bh5 12.O-O-O Qe7 13.d4 O-O-O 14.dxe5 Nd7 15.exf6 gxf6
16.Ncd2 Nc5 17.Qc4 Bf7 18.Qc3 Nxe4 19.Nxe4 Qxe4 20.b3 Bh5 21.Rxd8+ Rxd8 22.Rf1 b6
23.g4 Bg6 24.Nh4 Rd6 25.Kb2 Qe7 26.Nxg6 hxg6 27.h4 Kb7 28.h5 gxh5 29.gxh5 Qh7
30.Rh1 Qh6 31.e4 Re6 32.Qf3 Re5 33.a4 a5 34.Rh2 Rc5 35.Qg4 Re5 36.Ka2 Rc5
37.Qe2 Re5 38.Qf3 Rc5 39.Kb2 Re5 40.Rh3 Rc5 41.Rh2 Re5 42.Ka2 Rc5 43.Kb1 Re5
44.Rh1 Rc5 45.Qd1 Re5 46.Qc1 Qh7 47.h6 Rxe4 48.Qd1 f5 49.Qd3 Re6 50.Qd2 Rd6
51.Qf4 Re6 52.Qg5 Rd6 53.Qf4  1/2-1/2

[Event "Gibraltar Masters 2019"]
[Site "Caleta ENG"]
[Date "2019.01.29"]
[Round "8.12"]
[White "Gukesh,D"]
[Black "Howell,D"]
[Result "0-1"]
[WhiteElo "2497"]
[BlackElo "2685"]

1.Nf3 Nf6 2.g3 d5 3.Bg2 e6 4.O-O Be7 5.d4 b5 6.a4 b4 7.c4 bxc3 8.Nxc3 O-O
9.Bf4 a5 10.Rc1 c6 11.Ne5 Ba6 12.Qd2 Nfd7 13.Nxd7 Nxd7 14.Rfd1 Qb6 15.e4 Rfc8
16.exd5 cxd5 17.Bf1 Bxf1 18.Kxf1 Rc4 19.Ne2 Nf6 20.Rxc4 dxc4 21.Be3 Qc6 22.Qc2 Qh1+
23.Ng1 Rc8 24.f3 Nd5 25.Bc1 h5 26.Qf2 c3 27.bxc3 Rxc3 28.Bd2 Rc2 29.Rc1 Ra2
30.Qe2 Kh7 31.Rc8 g6 32.Qe5 Bf6 33.Qd6 Rxd2  0-1

[Event "Gibraltar Masters 2019"]
[Site "Caleta ENG"]
[Date "2019.01.29"]
[Round "8.11"]
[White "Muzychuk,M"]
[Black "Adhiban,Baskaran"]
[Result "1/2-1/2"]
[WhiteElo "2540"]
[BlackElo "2689"]

1.e4 c5 2.Nf3 e6 3.d4 cxd4 4.Nxd4 a6 5.c4 Nf6 6.Nc3 Qc7 7.Be2 b6 8.O-O Bb7
9.Qd3 d6 10.f4 Nbd7 11.b4 d5 12.exd5 Bxb4 13.dxe6 Nc5 14.exf7+ Kxf7 15.Qh3 Bxc3
16.Qxc3 Rhe8 17.Bf3 Nce4 18.Qb4 Rad8 19.Be3 Nc5 20.Qc3 Bxf3 21.Nxf3 Nd3 22.Ne5+ Nxe5
23.fxe5 Rxe5 24.Qb3 Re6 25.Rac1 Qc6 26.c5 Qb5 27.Qxb5 axb5 28.Bg5 bxc5 29.Rxc5 Ra8
30.Rxb5 Rxa2 31.Bxf6 Rxf6  1/2-1/2

[Event "Gibraltar Masters 2019"]
[Site "Caleta ENG"]
[Date "2019.01.29"]
[Round "8.4"]
[White "Navara,D"]
[Black "Grandelius,N"]
[Result "1-0"]
[WhiteElo "2738"]
[BlackElo "2682"]

1.e4 c5 2.Nf3 d6 3.Bb5+ Nd7 4.Ba4 Nf6 5.O-O a6 6.c4 g6 7.Nc3 Bg7 8.d3 O-O
9.h3 b6 10.Bg5 h6 11.Be3 Bb7 12.Qd2 Kh7 13.Rab1 e6 14.b4 Qc7 15.Rfc1 Rfd8
16.Bd1 Bf8 17.Bf4 Ne5 18.bxc5 bxc5 19.Nxe5 dxe5 20.Bxe5 Qxe5 21.Rxb7 Kg7
22.Qe3 Rab8 23.Rb3 Nd7 24.f4 Qd4 25.Kf2 f5 26.e5 Be7 27.Rcb1 Rxb3 28.Rxb3 Rb8
29.Qxd4 cxd4 30.Rxb8 Nxb8 31.Ne2 Nd7 32.Kf3 Bc5 33.Ba4 Nb6 34.Bc6 a5 35.a4 Kf7
36.Nc1 Bb4 37.Nb3 Bc3 38.c5 Nc8 39.Bd7 Ne7 40.c6 Nd5 41.Nc5 Nc7 42.Bc8 Ke7
43.Na6 Nd5 44.c7 Nb6 45.Bb7 Kd7 46.c8=Q+ Nxc8 47.Nc5+ Kc7 48.Bxc8 Kxc8 49.Nxe6 Bb2
50.g4 fxg4+ 51.hxg4  1-0

[Event "Gibraltar Masters 2019"]
[Site "Caleta ENG"]
[Date "2019.01.29"]
[Round "8.60"]
[White "Harika,D"]
[Black "Bellon Lopez,JuM"]
[Result "1-0"]
[WhiteElo "2471"]
[BlackElo "2332"]

1.c4 e6 2.Nf3 Nf6 3.b3 a6 4.e3 d5 5.Bb2 Bd6 6.d4 b6 7.Bd3 Bb7 8.O-O Ne4 9.cxd5 exd5
10.Ne5 Qe7 11.f3 Nc5 12.Bc2 Ncd7 13.f4 g6 14.Qf3 O-O 15.Nc3 Bxe5 16.fxe5 c6
17.e4 Qe6 18.b4 b5 19.Qg3 Nb6 20.exd5 Nxd5 21.Ne4 Nb6 22.Rf6 Qe7 23.Bb3 Kg7
24.Nc5  1-0

[Event "Gibraltar Masters 2019"]
[Site "Caleta ENG"]
[Date "2019.01.29"]
[Round "8.51"]
[White "Libiszewski,F"]
[Black "Bulmaga,I"]
[Result "1/2-1/2"]
[WhiteElo "2481"]
[BlackElo "2407"]

1.e4 e5 2.Nf3 Nc6 3.Bb5 a6 4.Ba4 Nf6 5.O-O Be7 6.d3 b5 7.Bb3 O-O 8.a4 b4
9.a5 d6 10.Nbd2 h6 11.c3 bxc3 12.bxc3 Re8 13.h3 Bf8 14.Re1 Bd7 15.d4 Qc8
16.Qc2 exd4 17.cxd4 Nb4 18.Qc3 d5 19.e5 Nh7 20.Ba3 Rb8 21.Rec1 c6 22.Ba4 Qd8
23.Nb3 Ng5 24.Nfd2 Ne6 25.Qe3 c5 26.Bxd7 cxd4 27.Nxd4 Qxd7 28.N2b3 Rbc8 29.Qd2 Nc6
30.Bxf8 Ncxd4 31.Nxd4 Rxf8 32.Nf5 Kh8 33.Rxc8 Rxc8 34.Nd6 Rc5 35.Rb1 Qc7
36.Rb7 Qxa5 37.Qd1 Qc3 38.Nxf7+ Kh7 39.Qg4 Qe1+ 40.Kh2 Qxf2 41.Nxh6 Rc1 42.Qf5+ Qxf5
43.Nxf5 d4 44.Rd7 Re1 45.Nxd4 Nxd4 46.Rxd4  1/2-1/2

[Event "Gibraltar Masters 2019"]
[Site "Caleta ENG"]
[Date "2019.01.29"]
[Round "8.121"]
[White "Hewson,Brian W R"]
[Black "Vilarnovo Caamano,J"]
[Result "1/2-1/2"]
[WhiteElo "2006"]
[BlackElo "1945"]

1.c4 e6 2.Nc3 b6 3.Nf3 Bb7 4.d4 Bb4 5.Qb3 a5 6.a3 a4 7.Qc2 Bxc3+ 8.Qxc3 f5
9.Bg5 Nf6 10.d5 O-O 11.Rd1 Qe8 12.Bxf6 Rxf6 13.g3 d6 14.Nd4 e5 15.Nb5 Na6
16.Bg2 Qf7 17.Qc2 Nc5 18.e3 Re8 19.O-O Rh6 20.f4 e4 21.Rf2 Ba6 22.Nd4 Qd7
23.Bf1 Rf8 24.Rfd2 Qe8 25.Rg2 Qd7 26.Be2 Rg6 27.Rd2 Bc8 28.Qd1 Qe7 29.g4 fxg4
30.Bxg4 Bxg4 31.Rxg4 Qh4 32.Rdg2 Qh5 33.Qe2 Rf7 34.Rxg6 hxg6 35.Qg4 Qxg4
36.Rxg4 Nd3 37.Rg2 Re7 38.Nb5 Kf7 39.Nc3 Nc5 40.h4 Kf6 41.Kh2 Re8 42.Kg3 Kf5
43.Nb5 Re7 44.Nd4+ Kf6 45.Kg4 Nd3 46.Rd2 Nc5 47.Ne2 Re8 48.Ng1 Rb8 49.Ne2  1/2-1/2

[Event "Gibraltar Masters 2019"]
[Site "Caleta ENG"]
[Date "2019.01.29"]
[Round "8.118"]
[White "Munoz,Ra"]
[Black "Obiamiwe,P"]
[Result "0-1"]
[WhiteElo "2040"]
[BlackElo "1903"]

1.e4 e5 2.Nf3 Nc6 3.d4 exd4 4.Nxd4 Nf6 5.Nxc6 bxc6 6.e5 Qe7 7.Qe2 Nd5 8.c4 Nb6
9.Nc3 a5 10.a3 Ba6 11.Qe4 Qe6 12.b3 a4 13.Nxa4 Nxa4 14.bxa4 Bc5 15.Bd3 d5
16.exd6 cxd6 17.O-O Qxe4 18.Bxe4 d5 19.Bd3 O-O 20.Re1 Bd4 21.Rb1 Bxc4 22.Bxc4 dxc4
23.Re4 c5 24.Be3 Rfe8 25.Rxe8+ Rxe8 26.a5 f6 27.Kf1 Ra8 28.Rb5 Kf7 29.Ke2 Ra7
30.Kd2 Ke6 31.Rb6+ Kd5 32.a6 c3+ 33.Kd3 c4+ 34.Kc2 Bxb6  0-1

[Event "Gibraltar Masters 2019"]
[Site "Caleta ENG"]
[Date "2019.01.29"]
[Round "8.120"]
[White "Dasaolu,R"]
[Black "Wilson,Matthew R"]
[Result "0-1"]
[WhiteElo "2038"]
[BlackElo "1822"]

1.c4 e5 2.Nc3 Nc6 3.g3 f5 4.d3 Nf6 5.Bg2 Bb4 6.e3 Bxc3+ 7.bxc3 d6 8.Ne2 O-O
9.Rb1 e4 10.d4 b6 11.Nf4 Qe8 12.Nd5 Qf7 13.Nxf6+ Qxf6 14.O-O Ba6 15.Qa4 Na5
16.Rb5 Bxb5 17.cxb5 Qe6 18.f3 d5 19.Ba3 Rf7 20.Re1 Qe8 21.f4 Nc4 22.Qb3 Nxa3  0-1

[Event "Gibraltar Masters 2019"]
[Site "Caleta ENG"]
[Date "2019.01.29"]
[Round "8.119"]
[White "Herzwurm,R"]
[Black "Gravett,A"]
[Result "1-0"]
[WhiteElo "2021"]
[BlackElo "1840"]

1.e4 g6 2.d4 Bg7 3.Nc3 d6 4.Be3 Nf6 5.Be2 O-O 6.Qd2 c6 7.Bh6 e5 8.Bxg7 Kxg7
9.O-O-O Qc7 10.f4 b5 11.fxe5 dxe5 12.Nf3 b4 13.dxe5 Ng4 14.Na4 Nf2 15.Qf4 Nxh1
16.Rxh1 f6 17.exf6+  1-0

[Event "Gibraltar Masters 2019"]
[Site "Caleta ENG"]
[Date "2019.01.30"]
[Round "9.85"]
[White "Dhulipalla,Bala Chandra Prasad"]
[Black "Weisbuch,U"]
[Result "1/2-1/2"]
[WhiteElo "2341"]
[BlackElo "2172"]

1.d4 Nf6 2.Nf3 g6 3.Bf4 Bg7 4.e3 O-O 5.Be2 d6 6.O-O Nfd7 7.h3 e5 8.Bh2 Nc6
9.c4 exd4 10.exd4 Qf6 11.Nc3 Nxd4 12.Nxd4 Qxd4 13.Nd5 c6 14.Ne7+ Kh8 15.Qxd4 Bxd4
16.Bxd6 Re8 17.Rae1 Nf6 18.Rd1 Bxb2 19.Bf3 Kg7 20.Rb1 Bd4 21.Nxc8 Raxc8 22.Rxb7 Ne4
23.Bxe4 Rxe4 24.c5 Re2 25.Rxa7 Rc2 26.g4 Re8 27.Ra6 Bxc5 28.Bg3 Bd4 29.g5 Ree2
30.a4 h6  1/2-1/2

[Event "Gibraltar Masters 2019"]
[Site "Caleta ENG"]
[Date "2019.01.30"]
[Round "9.102"]
[White "Dolzhikova,O"]
[Black "Cholleti,S"]
[Result "1-0"]
[WhiteElo "2224"]
[BlackElo "2122"]

1.e4 c5 2.Nf3 d6 3.c3 Nf6 4.Bc4 e6 5.d3 Be7 6.O-O O-O 7.Bb3 Nc6 8.Re1 b6
9.d4 cxd4 10.cxd4 e5 11.Nc3 Bg4 12.Be3 exd4 13.Bxd4 Nxd4 14.Qxd4 Bxf3 15.gxf3 Qc8
16.Qe3 Qh3 17.f4 Qh6 18.f5 Qxe3 19.Rxe3 a6 20.Kg2 g6 21.fxg6 hxg6 22.f4 Kg7
23.h3 b5 24.Rd1 Ra7 25.Ne2 Re8 26.Nd4 Nh5 27.Kf3 Bf6 28.Nc6 Rc7 29.Rxd6 Bxb2
30.Red3 Ba3 31.Rd8 Rxd8 32.Nxd8 Bc1 33.Bxf7 Nxf4 34.Ne6+ Nxe6 35.Bxe6 Bb2
36.Rd6 a5 37.Rd5 Rb7 38.Bd7 b4 39.Ba4 Ra7 40.e5 Kf7 41.Ke4 Bc3 42.Rd1 Ra6
43.Rd7+ Kf8 44.Kd5 b3 45.axb3 Bb4 46.Rb7 g5 47.Bc6 Be7 48.Bd7 Rh6 49.Ke4 Bc5
50.Rb5 Bb4 51.Bg4 Rc6 52.Kf5 Rc3 53.Kf6 Be7+ 54.Ke6 Rc6+ 55.Kd7  1-0

[Event "Gibraltar Masters 2019"]
[Site "Caleta ENG"]
[Date "2019.01.30"]
[Round "9.103"]
[White "Pinho,P"]
[Black "Burke,M"]
[Result "1-0"]
[WhiteElo "2205"]
[BlackElo "1994"]

1.d4 Nf6 2.c4 g6 3.Nc3 Bg7 4.e4 d6 5.Be2 O-O 6.Nf3 Nbd7 7.O-O e5 8.Qc2 Nh5
9.Rd1 c6 10.Bg5 Bf6 11.Be3 Qe7 12.d5 c5 13.a3 Nf4 14.Bf1 Bg7 15.g3 Nh5 16.Nh4 Ndf6
17.f3 Ne8 18.b4 b6 19.bxc5 bxc5 20.Rab1 f5 21.exf5 gxf5 22.Bf2 Qg5 23.Rb3 Bh6
24.Kh1 Kh8 25.Rdb1 Qd2 26.Bd3 Qxc2 27.Bxc2 Bg5 28.Rb8 Rxb8 29.Rxb8 Bxh4 30.Rxc8 Bg5
31.Bxf5 Rxf5 32.Rxe8+ Kg7 33.Kg2 Rf8 34.Rxf8 Kxf8 35.Nb5  1-0

[Event "Gibraltar Masters 2019"]
[Site "Caleta ENG"]
[Date "2019.01.30"]
[Round "9.104"]
[White "De Seroux,C"]
[Black "Priyanka,Nutakki"]
[Result "0-1"]
[WhiteElo "2145"]
[BlackElo "2195"]

1.e4 e6 2.b3 d5 3.Bb2 dxe4 4.Nc3 Nf6 5.Qe2 Nbd7 6.g4 b6 7.g5 Nd5 8.Nxe4 Bb7
9.O-O-O a5 10.a4 Nc5 11.Nh3 Nb4 12.d3 b5 13.Rg1 bxa4 14.Nxc5 Bxc5 15.d4 Be7
16.d5 Bxd5 17.c4 axb3 18.cxd5 exd5 19.Bxg7 Rg8 20.Bf6 Kf8 21.Qf3 a4 22.Re1 Bxf6
23.gxf6 Rxg1 24.Nxg1 Qd6 25.Qe3 Qc6+ 26.Kb2 a3+ 27.Kxb3 Qa4+ 28.Kc3 d4+ 29.Qxd4 Qc2+
30.Kxb4 Ra4+ 31.Kb5 Rxd4 32.Nf3 Qb3+  0-1